Statistics for Persib Bandung Players By Picture

Click here to take the quiz!

General Stats

  • This quiz has been taken 7 times
  • The average score is 10 of 16

Answer Stats

Answer% Correct
Ferdinand Sinaga
100%
Teja Paku Alam
100%
Atep
75%
Makan Konate
75%
Nick Kuipers
75%
Robby Darwis
75%
Vladimir Vujovic
75%
Zulham Zamrun
75%
Djajang Nurdjaman
50%
Djibril Coulibaly
50%
Marcio Souza
50%
Tantan
50%
Zaenal Arief
50%
Cecep Supriatna
25%
Christian Bekamenga
25%
Srdan Lopicic
25%

Score Distribution

Percentile by Number Answered

Percent of People with Each Score

Your Score History

You have not taken this quiz